Online
Catalog

Obras completas / (Record no. 10330)

MARC details
000 -CABECERA
campo de control de longitud fija 01027cam a2200277 a 4500
001 - NÚMERO DE CONTROL
campo de control 000010572
003 - IDENTIFICADOR DEL NÚMERO DE CONTROL
campo de control DO-SdBNP
005 - FECHA Y HORA DE LA ÚLTIMA TRANSACCIÓN
campo de control 20240912174535.0
008 - DATOS DE LONGITUD FIJA--INFORMACIÓN GENERAL
campo de control de longitud fija 840105s1958 ve 000 0 spa d
040 ## - FUENTE DE LA CATALOGACIÓN
Centro catalogador/agencia de origen DO-SdBNP
Centro/agencia transcriptor CarP
Centro/agencia modificador DLC
-- BNPHU
043 ## - CÓDIGO DE ÁREA GEOGRÁFICA
Código de área geográfica s-ve
049 ## - FONDOS LOCALES (OCLC)
Fondos de biblioteca BNGR
082 ## - NÚMERO DE LA CLASIFICACIÓN DECIMAL DEWEY
Número de clasificación V868.3
Número de documento/Ítem A472ó
100 1# - ENTRADA PRINCIPAL--NOMBRE DE PERSONA
Nombre de persona Alvarado, Lisandro,
Fechas asociadas al nombre 1858-1929
9 (RLIN) 25649
245 10 - MENCIÓN DE TÍTULO
Título Obras completas /
Mención de responsabilidad, etc. Lisandro Alvarado ; prólogo de Guillermo Morón.
260 ## - PUBLICACIÓN, DISTRIBUCIÓN, ETC.
Lugar de publicación, distribución, etc. Caracas :
Nombre del editor, distribuidor, etc. Ministerio de Educación Dirección de Cultura y Bellas Artes, Comisión Editora de las Obras Completas de Lisandro Alvarado,
Fecha de publicación, distribución, etc. 1958.
300 ## - DESCRIPCIÓN FÍSICA
Extensión v ;
Dimensiones 23 cm.
500 ## - NOTA GENERAL
Nota general La biblioteca posse el volumen vii
504 ## - NOTA DE BIBLIOGRAFÍA, ETC.
Nota de bibliografía, etc. Incluye referencias bibliográficas y notas al pie de las páginas
600 10 - PUNTO DE ACCESO ADICIONAL DE MATERIA--NOMBRE DE PERSONA
Nombre de persona ALVARADO, LISANDRO
Subdivisión cronológica 1858-1929
Subdivisión general COLECCIONES DE ESCRITOS
9 (RLIN) 25650
650 #4 - PUNTO DE ACCESO ADICIONAL DE MATERIA--TÉRMINO DE MATERIA
Término de materia o nombre geográfico como elemento de entrada Miscelanea
9 (RLIN) 25651
650 #4 - PUNTO DE ACCESO ADICIONAL DE MATERIA--TÉRMINO DE MATERIA
Término de materia o nombre geográfico como elemento de entrada Literatura venezolana
9 (RLIN) 3816
700 1# - PUNTO DE ACCESO ADICIONAL--NOMBRE DE PERSONA
Nombre de persona Morón, Guillermo,
Término indicativo de función/relación pról.
9 (RLIN) 5372
910 ## - DATOS DE OPCIÓN DEL USUARIO (OCLC)
Datos de opción del usuario Catalogación derivada
942 ## - ELEMENTOS DE PUNTO DE ACCESO ADICIONAL (KOHA)
Fuente del sistema de clasificación o colocación Dewey Decimal Classification
Tipo de ítem Koha Libro
Holdings
Estado de retiro Estado de pérdida Restricciones de uso No para préstamo Código de colección Localización permanente Ubicación/localización actual Ubicación en estantería Fecha de adquisición Número de inventario Total de préstamos Signatura topográfica completa Código de barras Fecha visto por última vez Precio válido a partir de Tipo de ítem Koha
    Préstamo interno   Monografías: Libros y Folletos General General En catalogación 07.10.2009 LF1   v. 7, e. 1 10572-10 25.06.2020 25.06.2020 Préstamo interno
    Préstamo interno   Monografías: Libros y Folletos General General En catalogación 07.10.2009 LF1   v. 7, e. 2 10572-20 25.06.2020 25.06.2020 Préstamo interno

Powered by Koha